00277cam a22000857a 4500008004000000100003500040245006200075260004500137300000900182180718b1962 xxu||||| |||| 00| 0 eng d aIndia. Rajya Sabha Secretariat aRajya Sabha debates, Vol. XL, Nos. 1-9 (6 - 17 Aug. 1962) aNew DelhibRajya Sabha Secretariatc1962 av.p.